00754nam a22002057a 450000500170000001000150001702000230003203500140005503700130006908200120008210000190009424501050011326000310021827000560024930000200030550000400032594200260036599900190039195201380041020170831104403.0 aENG-120190 a8171021824c500.00 aEN-103722 bDBAD/PUB a632.152 aGhosh, Manojit aSustainability, water use and economic incentives :ba case for greater Kolkata /cby Manojit Ghosh  aKolkata bFirma KLM c2016 a257B, Bipin Behari Ganguly Street bKolkatae700012 a271p.c21cm(Hb) aIncludes bibliographical reference  2ddccENh632.152mGHO c143910d143910 001040718NFICaDBADbDBADd2017-08-30eDBAD/PUBg500.00l0o632.152 GHOpEN-103722r2017-08-30 00:00:00t1v500.00w2017-08-30yEN